[Event "FB23 2122 SV Stuttgart-Wolfbusch - SK 1"]
[Site "?"]
[Date "2022.03.20"]
[Round "5.3"]
[White "Mueller, Manon"]
[Black "Froehlich, Franziska"]
[Result "0-1"]
[WhiteElo "1787"]
[BlackElo "1913"]
[PlyCount "62"]
[EventDate "2022.??.??"]

1. d4 d5 2. c4 e6 3. Nf3 c6 4. Nbd2 f5 5. g3 Nf6 6. Bg2 Nbd7 7. Qc2 Ne4 8. Rb1
Bd6 9. e3 O-O 10. O-O Ndf6 11. b4 Bd7 12. a4 Qe8 13. b5 Qh5 14. c5 Bc7 15. Rd1
Ng4 16. Rf1 Ng5 17. Nh4 Nxh2 18. Kxh2 Qxh4+ 19. Kg1 Nh3+ 20. Bxh3 Qxh3 21. Qd1
Rf6 22. Qf3 Rg6 23. Qg2 Qh5 24. Nf3 Rf8 25. Qh1 Qg4 26. Ne5 Bxe5 27. dxe5 Qxa4
28. bxc6 Bxc6 29. Bb2 d4 30. f3 dxe3 31. Kg2 Qc2+ 0-1

[Event "FB23 2122 SV Stuttgart-Wolfbusch - SK 1"]
[Site "?"]
[Date "2022.03.20"]
[Round "5.4"]
[White "Stitterich, Nadine"]
[Black "Tampe, Friederike"]
[Result "1-0"]
[WhiteElo "1988"]
[BlackElo "1594"]
[PlyCount "86"]
[EventDate "2022.??.??"]

1. e4 e5 2. Nf3 Nc6 3. Bb5 a6 4. Ba4 Bc5 5. O-O b5 6. Bb3 Nf6 7. d3 O-O 8. Bg5
Bb7 9. c3 h6 10. Bh4 d6 11. Nbd2 Bb6 12. Re1 Na5 13. Bc2 c5 14. Nf1 Qe7 15. Ne3
Qe6 16. b4 Nc6 17. Bb3 c4 18. dxc4 bxc4 19. Nxc4 Bc7 20. Nb6 Qe8 21. Nxa8 Qxa8
22. Bxf6 gxf6 23. Nh4 Ne7 24. Qh5 Kg7 25. Nf5+ Nxf5 26. Qxf5 Bb6 27. Rad1 Bc8
28. Qh5 Qa7 29. Re2 Qe7 30. Rd3 Kh7 31. Red2 Bc7 32. a4 Be6 33. Bxe6 fxe6 34.
Rg3 Qf7 35. Qxf7+ Rxf7 36. Rgd3 Rd7 37. c4 Kg6 38. c5 f5 39. f3 Kf6 40. Rxd6
Bxd6 41. Rxd6 Rb7 42. Rb6 Ra7 43. c6 Ke7 1-0

[Event "FB23 2122 SV Stuttgart-Wolfbusch - SK 1"]
[Site "?"]
[Date "2022.03.20"]
[Round "5.5"]
[White "Fischer, Juliane"]
[Black "Erben, Larissa"]
[Result "0-1"]
[WhiteElo "1493"]
[BlackElo "1965"]
[PlyCount "64"]
[EventDate "2022.??.??"]

1. e4 c5 2. Nc3 e6 3. f4 Nc6 4. Nf3 d6 5. d3 g6 6. g3 Bg7 7. Bg2 Nge7 8. O-O
O-O 9. Be3 Nd4 10. Qd2 Rb8 11. e5 Nef5 12. Bxd4 cxd4 13. Ne4 Qc7 14. exd6 Nxd6
15. Qf2 Nf5 16. Rac1 b6 17. Ned2 Ne3 18. Rfe1 Bb7 19. Nb3 Rfd8 20. Bh1 Rbc8 21.
Nfxd4 Ng4 22. Qe2 Rxd4 23. Qxg4 Ra4 24. Bxb7 Qxb7 25. c3 Rxa2 26. Qe2 Bxc3 27.
Qe4 Qxe4 28. dxe4 Rxb2 29. Rb1 a5 30. Rxb2 Bxb2 31. Rd1 a4 32. Nd4 Rd8 0-1

[Event "FB23 2122 SV Stuttgart-Wolfbusch - SK 1"]
[Site "?"]
[Date "2022.03.20"]
[Round "5.6"]
[White "Haecker, Gabriele"]
[Black "Schardt, Madeleine"]
[Result "1/2-1/2"]
[WhiteElo "1965"]
[BlackElo "1802"]
[PlyCount "41"]
[EventDate "2022.??.??"]

1. e4 d5 2. exd5 Qxd5 3. d4 Nf6 4. Nc3 Qd6 5. Nf3 Bg4 6. Be2 a6 7. O-O Nc6 8.
Be3 e6 9. h3 Bh5 10. Qd2 O-O-O 11. Rfd1 Bxf3 12. Bxf3 Be7 13. Ne4 Nxe4 14. Bxe4
Bf6 15. c3 h6 16. Qe2 Bg5 17. Qf3 Bxe3 18. fxe3 f5 19. Bxc6 Qxc6 20. Qxc6 bxc6
21. Re1 1/2-1/2

[Event "FB23 2122 SG Augsburg 1873 - SV 1920 Ho"]
[Site "?"]
[Date "2022.03.20"]
[Round "5.1"]
[White "Bluhm, Sonja Maria"]
[Black "Jussupow, Nadia"]
[Result "1-0"]
[WhiteElo "2188"]
[BlackElo "2159"]
[PlyCount "63"]
[EventDate "2022.??.??"]

1. e4 c6 2. d4 d5 3. exd5 cxd5 4. Bd3 Nc6 5. c3 Qc7 6. Nf3 Nf6 7. O-O g6 8. Re1
Bg4 9. h3 Bf5 10. Bxf5 gxf5 11. Nh4 O-O-O 12. Nxf5 e6 13. Bg5 Ne4 14. Bxd8 Kxd8
15. Nh4 Qf4 16. Nf3 Rg8 17. Nbd2 Bd6 18. Nxe4 dxe4 19. Ne5 Nxe5 20. dxe5 Qxe5
21. Qd4 Qh2+ 22. Kf1 Qxg2+ 23. Ke2 Ke7 24. Kd2 Rd8 25. Kc2 Qxh3 26. Qxe4 h5 27.
Rad1 Rd7 28. Rd4 Qh2 29. Re2 b6 30. Red2 h4 31. Qc6 h3 32. f4 1-0

[Event "FB23 2122 SG Augsburg 1873 - SV 1920 Ho"]
[Site "?"]
[Date "2022.03.20"]
[Round "5.2"]
[White "Horvath, Maria"]
[Black "Mar, Karmen"]
[Result "0-1"]
[WhiteElo "1997"]
[BlackElo "2074"]
[PlyCount "76"]
[EventDate "2022.??.??"]

1. d4 d5 2. Nf3 Nf6 3. e3 c5 4. b3 cxd4 5. exd4 Nc6 6. Bd3 Bg4 7. Bb2 Qa5+ 8.
Bc3 Qc7 9. O-O e6 10. Nbd2 Bd6 11. Qe1 O-O 12. a3 Rfe8 13. Qc1 Bf4 14. Qb2 Rac8
15. Rfe1 Nb8 16. Nb1 Bxf3 17. gxf3 Bxh2+ 18. Kg2 Bf4 19. b4 Nbd7 20. a4 Nb6 21.
a5 Nc4 22. Qb3 Bh6 23. Bxc4 dxc4 24. Qa4 Red8 25. Re5 Rd5 26. Ra3 Rxe5 27. dxe5
Nd5 28. Bd4 Qd8 29. Be3 Bxe3 30. fxe3 Qg5+ 31. Kf2 Qxe5 32. Qd7 Rb8 33. Nd2
Qh2+ 34. Ke1 c3 35. Nf1 Qxc2 36. Qd6 Rf8 37. b5 Qb1+ 38. Kf2 c2 0-1

[Event "FB23 2122 SG Augsburg 1873 - SV 1920 Ho"]
[Site "?"]
[Date "2022.03.20"]
[Round "5.4"]
[White "Braun, Kristin"]
[Black "Roessler, Ulrike"]
[Result "0-1"]
[WhiteElo "1914"]
[BlackElo "2106"]
[PlyCount "126"]
[EventDate "2022.??.??"]

1. e4 g6 2. d4 Bg7 3. c4 Nc6 4. Nf3 e5 5. d5 Nd4 6. Nbd2 c5 7. dxc6 dxc6 8. b3
Qa5 9. Bb2 Bg4 10. Be2 Bxf3 11. Bxf3 Rd8 12. Qc1 Nf6 13. Bc3 Qc7 14. Qb2 O-O
15. O-O Rfe8 16. Rfe1 Rd7 17. g3 Qd8 18. Bg2 Bh6 19. Rad1 c5 20. Nf1 Rd6 21.
Bd2 Bxd2 22. Rxd2 Qd7 23. Red1 Rd8 24. Kh1 Qg4 25. Qa3 Nxe4 26. Ne3 Qh5 27.
Bxe4 Nf3 28. Ng4 Nxd2 29. Rxd2 Qxg4 30. Bd5 b6 31. Qxa7 R8d7 32. Qa8+ Kg7 33.
Qa3 e4 34. Qb2+ f6 35. Qc3 Re7 36. Kg2 Qg5 37. Re2 Qe5 38. Qe3 f5 39. h3 Rf6
40. Kh2 Qd4 41. f3 Qxe3 42. Rxe3 Ra7 43. a4 exf3 44. Bxf3 Kf8 45. Bd5 Re7 46.
Rf3 Re2+ 47. Kg1 Rb2 48. Re3 f4 49. Rf3 g5 50. h4 h6 51. hxg5 hxg5 52. gxf4
gxf4 53. Kf1 Ke7 54. Ke1 Kd6 55. Kd1 Ke5 56. Kc1 Rh2 57. Rf1 Kd4 58. Rf3 Re2
59. Rf1 Kc3 60. Rf3+ Re3 61. Rf1 f3 62. b4 f2 63. Kd1 cxb4 0-1

[Event "FB23 2122 SG Augsburg 1873 - SV 1920 Ho"]
[Site "?"]
[Date "2022.03.20"]
[Round "5.5"]
[White "Tuzi, Bruna"]
[Black "Muench, Ursula"]
[Result "1-0"]
[WhiteElo "2002"]
[BlackElo "1799"]
[PlyCount "51"]
[EventDate "2022.??.??"]

1. e4 c5 2. Nf3 Nc6 3. c3 g6 4. d4 cxd4 5. cxd4 Bg7 6. Be3 d6 7. h3 Nf6 8. Nc3
O-O 9. Rc1 Qa5 10. Bd3 Nb4 11. Bb1 Nxa2 12. Bxa2 Nxe4 13. Bb3 Bf5 14. O-O Nxc3
15. Rxc3 Rac8 16. Rxc8 Rxc8 17. Ng5 d5 18. g4 Be6 19. Nxe6 fxe6 20. Qd3 Qb6 21.
h4 Qd8 22. h5 Qe8 23. Bc2 Rxc2 24. Qxc2 gxh5 25. gxh5 Qxh5 26. f3 1-0

[Event "FB23 2122 SG Augsburg 1873 - SV 1920 Ho"]
[Site "?"]
[Date "2022.03.20"]
[Round "5.6"]
[White "Schaefer, Ann-Kathrin"]
[Black "Barpiyeva, Gulsana"]
[Result "0-1"]
[WhiteElo "1696"]
[BlackElo "2015"]
[PlyCount "64"]
[EventDate "2022.??.??"]

1. d4 Nf6 2. Nf3 g6 3. e3 Bg7 4. Bd3 d6 5. b3 c5 6. Bb2 O-O 7. Nc3 a6 8. a4 Nc6
9. h3 b6 10. O-O Bb7 11. Qe2 Nb4 12. e4 Nh5 13. d5 Qd7 14. Nh2 Nf4 15. Qd1 h5
16. Be2 Bc8 17. Bf3 Be5 18. h4 Bf6 19. g3 Nh3+ 20. Kg2 Bd4 21. g4 Nf4+ 22. Kh1
a5 23. Qd2 e5 24. gxh5 Qh3 25. Qd1 Kg7 26. Rb1 Qxh4 27. Ne2 Bh3 28. Bxd4 Bxf1
29. Nxf4 cxd4 30. Nxg6 fxg6 31. Qxf1 Rxf3 32. hxg6 Rh8 0-1

[Event "FB23 2122 SG Augsburg 1873 - FC Bayern"]
[Site "?"]
[Date "2022.04.09"]
[Round "6.1"]
[White "Mayrhuber, Nikola"]
[Black "Horvath, Maria"]
[Result "0-1"]
[WhiteElo "2110"]
[BlackElo "1989"]
[PlyCount "126"]
[EventDate "2022.??.??"]

1. d4 d5 2. c4 e6 3. Nc3 a6 4. g3 dxc4 5. Bg2 Nc6 6. Nf3 Rb8 7. O-O Nf6 8. e4
Be7 9. d5 exd5 10. exd5 Nb4 11. Ne5 Bf5 12. a3 Nd3 13. Nxc4 O-O 14. Qe2 Nxc1
15. Raxc1 Bc5 16. b4 Ba7 17. Qd2 Re8 18. d6 cxd6 19. Nxd6 Re6 20. Qf4 Rxd6 21.
Qxf5 b5 22. Rcd1 Bd4 23. Ne4 Nxe4 24. Bxe4 g6 25. Qf3 Rbb6 26. Qb3 Rd7 27. Kg2
Rbd6 28. Bf3 Qf6 29. a4 Qd8 30. axb5 axb5 31. Rd2 Rc7 32. Ra2 Qf6 33. Ra8+ Kg7
34. Qb1 Rc3 35. Qe4 Re6 36. Qb7 Re7 37. Qd5 Re6 38. Rb8 Rd6 39. Qa8 Re6 40.
Rg8+ Kh6 41. Qf8+ Kg5 42. h4+ Kf5 43. g4+ Kf4 44. Qh6+ Ke5 45. Re1+ Kd6 46.
Rxe6+ Kxe6 47. Re8+ Kd7 48. Re3 Bxe3 49. fxe3 Rc2+ 50. Kg3 Qe5+ 51. Qf4 Qxf4+
52. Kxf4 f6 53. Bd5 Rb2 54. h5 Rxb4+ 55. e4 Rb1 56. Bg8 Rf1+ 57. Ke3 gxh5 58.
gxh5 h6 59. Kd4 Kd6 60. Bh7 Rc1 61. Kd3 Ke5 62. Kd2 Rc8 63. Bf5 Rc7 0-1

[Event "FB23 2122 SG Augsburg 1873 - FC Bayern"]
[Site "?"]
[Date "2022.04.09"]
[Round "6.2"]
[White "Kosc, Renata"]
[Black "Butenandt, Svenja"]
[Result "1-0"]
[WhiteElo "1977"]
[BlackElo "2097"]
[PlyCount "129"]
[EventDate "2022.??.??"]

1. e4 c5 2. Nf3 e6 3. d4 cxd4 4. Nxd4 a6 5. c4 Nf6 6. Nc3 Qc7 7. Be2 b6 8. O-O
Bb7 9. Be3 Nxe4 10. Nxe4 Bxe4 11. f3 Bb7 12. a3 Be7 13. Qd2 d6 14. Rfc1 Nd7 15.
Bf1 O-O 16. Qf2 Rac8 17. Rc2 Qb8 18. Rac1 Bd8 19. b4 Nf6 20. g4 Nd7 21. h4 Ba8
22. g5 Ne5 23. Rc3 Bc7 24. Be2 Qb7 25. Kh2 d5 26. f4 Nxc4 27. Bxc4 dxc4 28.
Rxc4 b5 29. R4c2 Rfd8 30. Nb3 Bd6 31. Rxc8 Rxc8 32. Rxc8+ Qxc8 33. Nc5 Qc6 34.
Kg3 e5 35. fxe5 Bxe5+ 36. Bf4 Bd4 37. Qe2 h6 38. gxh6 gxh6 39. Qg4+ Kh8 40. Qe2
Kh7 41. h5 Qd5 42. Qd3+ Kg7 43. Qe2 Bc6 44. Qg4+ Kh7 45. Qe2 a5 46. Nd3 Qb3 47.
bxa5 Qxa3 48. Kh2 b4 49. Nxb4 Qxb4 50. Qc2+ Kg7 51. Qxc6 Qb2+ 52. Qg2+ Qxg2+
53. Kxg2 Ba7 54. Kf3 Bg1 55. Ke4 Ba7 56. Kf5 Kf8 57. Bxh6+ Ke7 58. Bg5+ Ke8 59.
a6 Kf8 60. Ke5 Kg7 61. Kd5 f6 62. Bf4 Kh7 63. Kc6 Kg7 64. Kb7 Bg1 65. Bc7 1-0

[Event "FB23 2122 SG Augsburg 1873 - FC Bayern"]
[Site "?"]
[Date "2022.04.09"]
[Round "6.3"]
[White "Vidonyak, Nellya"]
[Black "Braun, Kristin"]
[Result "1-0"]
[WhiteElo "2120"]
[BlackElo "1897"]
[PlyCount "77"]
[EventDate "2022.??.??"]

1. d4 Nf6 2. Nf3 g6 3. Nbd2 d5 4. b4 Bg7 5. e3 O-O 6. Bb2 b6 7. c4 Nbd7 8. cxd5
Nxd5 9. Qb3 Bb7 10. e4 N5f6 11. Bd3 e6 12. Rc1 c6 13. O-O Qe7 14. Ba3 Rac8 15.
b5 c5 16. Qa4 Rc7 17. Rfe1 Rfc8 18. Nb3 Qd8 19. dxc5 Nxc5 20. Nxc5 bxc5 21. Bc2
Nd7 22. Rcd1 Qe8 23. Qb3 c4 24. Qe3 Nc5 25. Bxc5 Rxc5 26. a4 Qe7 27. h3 Ra8 28.
Rd7 Qxd7 29. Qxc5 c3 30. Rd1 Qc8 31. Qe3 a6 32. b6 a5 33. h4 h5 34. Qg5 Kh7 35.
Qe7 Qc6 36. Ng5+ Kh8 37. Rd8+ Rxd8 38. Qxd8+ Bf8 39. Qxf8# 1-0

[Event "FB23 2122 SG Augsburg 1873 - FC Bayern"]
[Site "?"]
[Date "2022.04.09"]
[Round "6.4"]
[White "Todorova, Kalina"]
[Black "Dirmeier, Carolin"]
[Result "1/2-1/2"]
[WhiteElo "1787"]
[BlackElo "1959"]
[PlyCount "152"]
[EventDate "2022.??.??"]

1. d4 f5 2. c4 Nf6 3. Nc3 g6 4. g3 Bg7 5. Bg2 d6 6. Nf3 O-O 7. O-O Nc6 8. Qb3
Kh8 9. Rd1 Rb8 10. Nh4 Bd7 11. c5 e5 12. cxd6 cxd6 13. dxe5 dxe5 14. Nb5 Na5
15. Qb4 Qb6 16. a4 Bxb5 17. Qxb5 Nb3 18. Qxb6 axb6 19. Ra3 Nxc1 20. Rxc1 e4 21.
Rb3 Nd7 22. Bh3 Rbc8 23. Rd1 Rfd8 24. f3 Nc5 25. Rxd8+ Rxd8 26. Rb4 Rd2 27.
fxe4 Nxe4 28. Nf3 Rxe2 29. Rxb6 Rxb2 30. Rxb2 Bxb2 31. Bf1 Nc3 32. a5 Ne4 33.
a6 bxa6 34. Bxa6 Kg7 35. Kg2 Kf6 36. Ne1 Bd4 37. Nd3 g5 38. Bb7 Nd2 39. Ba8 Be3
40. Nb4 Ba7 41. Nd3 Ke6 42. Bb7 Be3 43. Ne1 g4 44. Nd3 Kf6 45. Bc8 h5 46. h4
gxh3+ 47. Kxh3 Kg5 48. Bb7 Ne4 49. Kg2 Ba7 50. Kf3 Nd2+ 51. Kg2 Bb8 52. Nf2 Ba7
53. Nd3 Bb6 54. Ne5 Ne4 55. Nf3+ Kf6 56. Nh2 Bc7 57. Nf1 Kg5 58. Kf3 Nc5 59.
Bc8 Ne4 60. Bb7 Nd6 61. Bc6 Kf6 62. Ne3 Nf7 63. Nd5+ Kg5 64. Be8 Ne5+ 65. Kg2
Bb8 66. Ne7 Nc4 67. Bd7 Nd6 68. Nd5 Ne4 69. Ne7 Nxg3 70. Nxf5 Ne4 71. Ne3 Nc5
72. Bc8 Nd3 73. Nf1 h4 74. Nd2 Bg3 75. Nf3+ Kf4 76. Nxh4 Bxh4 1/2-1/2

[Event "FB23 2122 SG Augsburg 1873 - FC Bayern"]
[Site "?"]
[Date "2022.04.09"]
[Round "6.5"]
[White "Stangl, Anita"]
[Black "Muench, Ursula"]
[Result "1-0"]
[WhiteElo "2049"]
[BlackElo "1803"]
[PlyCount "55"]
[EventDate "2022.??.??"]

1. e4 c5 2. Nf3 Nc6 3. d4 cxd4 4. Nxd4 g6 5. Nc3 Bg7 6. Be3 Nf6 7. Be2 O-O 8.
Qd2 d5 9. exd5 Nxd5 10. Nxd5 Qxd5 11. Bf3 Qa5 12. Nxc6 Qxd2+ 13. Bxd2 bxc6 14.
O-O-O Rb8 15. c3 Rb6 16. Rhe1 Be6 17. Be3 Ra6 18. a3 Rb8 19. Rd2 Bf5 20. Red1
h5 21. Rd8+ Rxd8 22. Rxd8+ Kh7 23. Re8 Bf6 24. Ra8 Bd3 25. Rxa7 Rxa7 26. Bxa7
Bb5 27. Kc2 e5 28. b3 1-0

[Event "FB23 2122 SG Augsburg 1873 - FC Bayern"]
[Site "?"]
[Date "2022.04.09"]
[Round "6.6"]
[White "Schaefer, Ann-Kathrin"]
[Black "Spiel, Marianne"]
[Result "0-1"]
[WhiteElo "1678"]
[BlackElo "1919"]
[PlyCount "58"]
[EventDate "2022.??.??"]

1. d4 Nf6 2. Nf3 d5 3. e3 Bg4 4. Nbd2 e6 5. Bd3 Bd6 6. O-O O-O 7. e4 dxe4 8.
Nxe4 Nxe4 9. Bxe4 c6 10. c4 Nd7 11. b3 Nf6 12. Bc2 Qc7 13. h3 Bh5 14. Bb2 Rad8
15. Qe2 Rfe8 16. g4 Bg6 17. Kh1 b6 18. Rg1 Qb7 19. Rg2 c5 20. h4 Bxc2 21. Qxc2
Qxf3 22. dxc5 Bxc5 23. Bxf6 Qxf6 24. Re1 Qf4 25. Re4 Qf3 26. Re2 Rd4 27. Re3
Rd1+ 28. Kh2 Bd6+ 29. Rg3 Rh1# 0-1

[Event "FB23 2122 SV Stuttgart-Wolfbusch - TSV"]
[Site "?"]
[Date "2022.04.09"]
[Round "6.3"]
[White "Chaus, Maria"]
[Black "Kobald, Jacqueline"]
[Result "0-1"]
[WhiteElo "1804"]
[BlackElo "2015"]
[PlyCount "44"]
[EventDate "2022.??.??"]

1. e4 c5 2. Nc3 Nc6 3. g3 g6 4. Bg2 Bg7 5. d3 e6 6. Be3 d6 7. Qd2 Nd4 8. Nge2
Rb8 9. O-O b5 10. a4 b4 11. Nb5 Nxe2+ 12. Qxe2 Qb6 13. f4 a6 14. Nxd6+ Qxd6 15.
e5 Qc7 16. Qf2 Bf8 17. d4 Ne7 18. dxc5 Bb7 19. g4 h5 20. Bxb7 Qxb7 21. Rad1 Nd5
22. f5 gxf5 0-1

[Event "FB23 2122 SV Stuttgart-Wolfbusch - TSV"]
[Site "?"]
[Date "2022.04.09"]
[Round "6.4"]
[White "Stitterich, Nadine"]
[Black "Pils, Martina"]
[Result "1/2-1/2"]
[WhiteElo "1983"]
[BlackElo "1582"]
[PlyCount "50"]
[EventDate "2022.??.??"]

1. e4 e6 2. d4 d5 3. Nc3 Nf6 4. e5 Nfd7 5. f4 c5 6. Nf3 Nc6 7. Be2 Be7 8. Be3
O-O 9. Nb5 Qb6 10. dxc5 Bxc5 11. Bxc5 Nxc5 12. Rb1 Bd7 13. Nbd4 f6 14. O-O fxe5
15. fxe5 Ne4 16. c3 Rf7 17. Bd3 Nxd4 18. Nxd4 Rxf1+ 19. Bxf1 Rf8 20. Bd3 Nf2
21. Qe2 Nxd3 22. Qxd3 Rf5 23. Qe2 Be8 24. Kh1 Rf8 25. Qg4 Bd7 1/2-1/2

[Event "FB23 2122 SK Freiburg-Zähringen - SK 1"]
[Site "?"]
[Date "2022.04.09"]
[Round "6.1"]
[White "Lukas, Anne"]
[Black "Paddock, Silvia"]
[Result "0-1"]
[WhiteElo "2025"]
[BlackElo "2180"]
[PlyCount "106"]
[EventDate "2022.??.??"]

1. Nf3 d5 2. g3 c5 3. c4 Nf6 4. cxd5 Nxd5 5. Nc3 Nc6 6. Bg2 Nc7 7. O-O e5 8. d3
Be7 9. Be3 Be6 10. Rc1 Rc8 11. Qa4 Bd7 12. Ne4 Nd4 13. Qd1 Nxf3+ 14. Bxf3 Ne6
15. Nc3 Bc6 16. Bxc6+ Rxc6 17. Qb3 Qd7 18. Qd5 Qxd5 19. Nxd5 Bd6 20. Rc2 Kd7
21. Rfc1 Nd4 22. Bxd4 cxd4 23. e4 Rhc8 24. Rxc6 bxc6 25. Ne3 dxe3 26. fxe3 c5
27. Rc4 Rb8 28. Ra4 Rb7 29. b3 Bc7 30. Kf2 Bb6 31. Rc4 Kd6 32. Kf3 g6 33. g4
Rd7 34. Ke2 f6 35. Rc1 h6 36. Rf1 Ke6 37. Rf3 Rh7 38. Kf2 Bd8 39. Ke2 Be7 40.
Kd2 h5 41. gxh5 Rxh5 42. h3 Rg5 43. Kc3 Rg2 44. a4 Bd6 45. h4 a6 46. h5 gxh5
47. Rh3 Rg5 48. Kc4 f5 49. exf5+ Rxf5 50. Rh1 Be7 51. Rh3 h4 52. d4 cxd4 53.
exd4 Rf4 0-1

[Event "FB23 2122 SK Freiburg-Zähringen - SK 1"]
[Site "?"]
[Date "2022.04.09"]
[Round "6.2"]
[White "Hund, Barbara"]
[Black "Ries, Jutta"]
[Result "1/2-1/2"]
[WhiteElo "2093"]
[BlackElo "2010"]
[PlyCount "70"]
[EventDate "2022.??.??"]

1. e4 Nf6 2. e5 Nd5 3. d4 d6 4. c4 Nb6 5. exd6 exd6 6. Nc3 Nc6 7. Be3 Bf5 8.
Bd3 Bxd3 9. Qxd3 d5 10. c5 Nc4 11. Nf3 Nxe3 12. Qxe3+ Be7 13. Ne5 O-O 14. Nxc6
bxc6 15. O-O Bf6 16. Rfe1 Re8 17. Qd2 Qd7 18. Qf4 Rab8 19. b3 h6 20. Kf1 Bg5
21. Qf3 Bf6 22. Qf4 Bg5 23. Qf3 Rxe1+ 24. Rxe1 Re8 25. Rxe8+ Qxe8 26. Qd3 Qc8
27. Ne2 Bf6 28. f3 Qb7 29. a3 g6 30. Kf2 Kg7 31. g3 Qc8 32. Kg2 Qb7 33. Kf2 Qc8
34. Kg2 Qb7 35. Kf2 Qc8 1/2-1/2

[Event "FB23 2122 SK Freiburg-Zähringen - SK 1"]
[Site "?"]
[Date "2022.04.09"]
[Round "6.3"]
[White "Morio, Estelle"]
[Black "Hund, Sarah"]
[Result "0-1"]
[WhiteElo "1833"]
[BlackElo "2076"]
[PlyCount "58"]
[EventDate "2022.??.??"]

1. f4 d5 2. Nf3 Bg4 3. e3 Nd7 4. b3 e5 5. Bb2 e4 6. Be2 exf3 7. Bxf3 Bxf3 8.
Qxf3 Ngf6 9. O-O Bc5 10. Na3 O-O 11. Nb5 c6 12. Nd4 Ne4 13. Nf5 Ndf6 14. d3 Nd6
15. Nxd6 Qxd6 16. Be5 Qe7 17. Qg3 Ne8 18. Rf3 f6 19. Bb2 Nd6 20. Qh3 Rae8 21.
Re1 g6 22. g4 f5 23. g5 d4 24. Bc1 dxe3 25. Bxe3 Nb5 26. Rg3 Nc3 27. Kh1 Nd5
28. Bd2 Qxe1+ 29. Bxe1 Rxe1+ 0-1

[Event "FB23 2122 SK Freiburg-Zähringen - SK 1"]
[Site "?"]
[Date "2022.04.09"]
[Round "6.4"]
[White "Spiegelberg, Silvia"]
[Black "Mueller, Manon"]
[Result "1-0"]
[WhiteElo "1916"]
[BlackElo "1780"]
[PlyCount "61"]
[EventDate "2022.??.??"]

1. e4 c5 2. Nf3 g6 3. d4 cxd4 4. Nxd4 Bg7 5. Nc3 Nc6 6. Be3 Nf6 7. Bc4 O-O 8.
Bb3 d6 9. f3 Bd7 10. Qd2 Na5 11. O-O-O Nxb3+ 12. cxb3 Qa5 13. Kb1 Rfc8 14. g4
Rab8 15. h4 h5 16. gxh5 Nxh5 17. Rhg1 Qd8 18. Bg5 b5 19. Nd5 Bf8 20. Nf5 f6 21.
Bh6 Bxf5 22. exf5 g5 23. hxg5 Bxh6 24. gxh6+ Kh7 25. Qh2 Qe8 26. Rh1 Rc5 27.
Qxh5 Qxh5 28. Rxh5 Re8 29. Rh2 a5 30. Re2 a4 31. Nxf6+ 1-0

[Event "FB23 2122 SK Freiburg-Zähringen - SK 1"]
[Site "?"]
[Date "2022.04.09"]
[Round "6.5"]
[White "Wilke, Tabea"]
[Black "Ehmann, Johanna"]
[Result "1/2-1/2"]
[WhiteElo "1749"]
[BlackElo "1778"]
[PlyCount "82"]
[EventDate "2022.??.??"]

1. e4 c6 2. d4 d6 3. Nc3 Nf6 4. Be2 g6 5. g4 Bg7 6. g5 Nfd7 7. h4 Qb6 8. Nf3 h5
9. gxh6 Bxh6 10. Bxh6 Rxh6 11. Qd2 Rh8 12. Na4 Qc7 13. Ng5 Nf6 14. Qf4 Nbd7 15.
O-O-O b5 16. Nc5 e5 17. dxe5 dxc5 18. Nxf7 Rf8 19. Nd6+ Kd8 20. exf6 Qa5 21.
Kb1 c4 22. Bg4 Qb4 23. Nb7+ Ke8 24. Bxd7+ Bxd7 25. Qd6 Qxd6 26. Rxd6 Rb8 27.
Nc5 Rf7 28. e5 Bg4 29. Re1 Bf3 30. Re3 Bd5 31. Rg3 Rh7 32. e6 Rxh4 33. Rg1 Rd8
34. Rxd8+ Kxd8 35. e7+ Ke8 36. Kc1 Rh6 37. Re1 g5 38. Nd7 Bf7 39. Rd1 Bd5 40.
Re1 Bf7 41. Rd1 Bd5 1/2-1/2

[Event "FB23 2122 SK Freiburg-Zähringen - SK 1"]
[Site "?"]
[Date "2022.04.09"]
[Round "6.6"]
[White "Henninger, Claire"]
[Black "Schardt, Madeleine"]
[Result "0-1"]
[WhiteElo "1532"]
[BlackElo "1811"]
[PlyCount "115"]
[EventDate "2022.??.??"]

1. e4 d5 2. exd5 Qxd5 3. Nc3 Qd6 4. d4 Nf6 5. Nf3 a6 6. Be2 Nc6 7. h3 Bf5 8.
Be3 Nb4 9. Rc1 e6 10. a3 Nbd5 11. Nxd5 Nxd5 12. Qd2 Nxe3 13. Qxe3 Be7 14. Ne5
h6 15. Bf3 Bg5 16. Nc4 Qe7 17. Qb3 Bxc1 18. Bxb7 Rd8 19. Ne5 O-O 20. g4 Bh7 21.
Nc6 Qg5 22. Nxd8 Qd2+ 23. Kf1 Rxd8 24. Kg2 Bxc2 25. Qc4 Bxb2 26. Qxc7 Rxd4 27.
Qb6 Be4+ 28. Bxe4 Rxe4 29. Qxa6 Re2 30. Rf1 Bf6 31. Kg1 Re1 32. Rxe1 Qxe1+ 33.
Kg2 Qe4+ 34. f3 Qc2+ 35. Kf1 Bh4 36. Qa8+ Kh7 37. Qe4+ Qxe4 38. fxe4 Be7 39. a4
Bb4 40. Ke2 Kg6 41. Kf3 Kg5 42. Kg3 Be1+ 43. Kf3 Kh4 44. Kg2 e5 45. Kf1 Bc3 46.
Kg2 h5 47. gxh5 Kxh5 48. Kf3 Kh4 49. Kg2 g5 50. Kh2 g4 51. hxg4 Kxg4 52. Kg2
Kf4 53. Kf2 Kxe4 54. Ke2 f5 55. Kf2 Kd3 56. Kf3 e4+ 57. Kf2 e3+ 58. Kf3 0-1

[Event "FB23 2122 Karlsruher SF 1853 - SV 1920"]
[Site "?"]
[Date "2022.04.09"]
[Round "6.2"]
[White "Schmidt, Jessica"]
[Black "Tuzi, Bruna"]
[Result "*"]
[WhiteElo "2208"]
[BlackElo "1991"]
[PlyCount "124"]
[EventDate "2022.??.??"]

1. d4 d5 2. c4 c6 3. Nf3 Nf6 4. e3 Be6 5. b3 Bg4 6. Be2 e6 7. O-O Be7 8. Nc3
O-O 9. Ne5 Bf5 10. Bb2 Nbd7 11. Bf3 Nxe5 12. dxe5 Nd7 13. e4 Bg6 14. exd5 exd5
15. Qe2 dxc4 16. Ne4 Qc7 17. e6 Ne5 18. Bh5 cxb3 19. axb3 fxe6 20. Ng3 Bd3 21.
Qe3 Bxf1 22. Bxe5 Qb6 23. Qxb6 axb6 24. Rxf1 Ra5 25. Bc3 Rg5 26. Bf3 Rb5 27.
Bg4 Kh8 28. Bxe6 Bf6 29. Bxf6 Rxf6 30. Rd1 Rf8 31. f4 g6 32. Rd4 Re8 33. Bc4
Ra5 34. Rd7 b5 35. Bf7 Re3 36. Kf2 Rc3 37. Rd2 Ra1 38. f5 Kg7 39. Rd7 Ra2+ 40.
Ne2 Kf6 41. Be8 Kxf5 42. Rxh7 Kf6 43. Rf7+ Ke6 44. Rf4 Rcc2 45. Re4+ Kf6 46.
Re3 Rd2 47. Kf3 g5 48. h3 Rab2 49. Bh5 Rdc2 50. Ke4 Rd2 51. Kf3 Rdc2 52. Bg4 c5
53. Ke4 Rd2 54. Kf3 c4 55. bxc4 bxc4 56. Ke4 Rb3 57. Nc3 b5 58. Rf3+ Kg7 59.
Nd5 Rxf3 60. Bxf3 Kf7 61. Ke3 Rb2 62. Kd4 Rb3 *

[Event "FB23 2122 Karlsruher SF 1853 - SV 1920"]
[Site "?"]
[Date "2022.04.09"]
[Round "6.3"]
[White "Heymann-Lobzhanidze, Anna-Luise"]
[Black "Scheynin, Julia"]
[Result "1/2-1/2"]
[WhiteElo "1942"]
[BlackElo "1998"]
[PlyCount "100"]
[EventDate "2022.??.??"]

1. e4 e6 2. d4 d5 3. Nc3 Nf6 4. Bg5 Be7 5. e5 Nfd7 6. Bxe7 Qxe7 7. Nf3 a6 8.
Bd3 c5 9. dxc5 Nxc5 10. O-O Nc6 11. Re1 O-O 12. Ne2 f6 13. exf6 Qxf6 14. Nc3
Bd7 15. Bf1 Rad8 16. Qd2 Bc8 17. Qg5 Qxg5 18. Nxg5 h6 19. Nf3 Rf6 20. Rad1 Rdf8
21. Rd2 b5 22. a3 g5 23. Ne5 Nxe5 24. Rxe5 Nd7 25. Re1 Nb6 26. b3 Bd7 27. g3
Rc8 28. Nd1 Kg7 29. Nb2 Be8 30. Bh3 Bf7 31. Nd3 h5 32. Re5 Kh6 33. Rde2 g4 34.
Bg2 Nd7 35. R5e3 Nc5 36. Nf4 d4 37. Re5 Nd7 38. R5e4 e5 39. Nd3 Bg6 40. Nxe5
Nxe5 41. Rxe5 Rxc2 42. Rxc2 Bxc2 43. Rd5 d3 44. Be4 Re6 45. f3 Bxb3 46. Rxd3
Bc4 47. Rd7 gxf3 48. Rh7+ Kg5 49. h4+ Kf6 50. Rh6+ Ke5 1/2-1/2

[Event "FB23 2122 Karlsruher SF 1853 - SV 1920"]
[Site "?"]
[Date "2022.04.09"]
[Round "6.4"]
[White "Rubina, Tatiana"]
[Black "Froehlich-Dill, Astrid"]
[Result "1-0"]
[WhiteElo "2000"]
[BlackElo "1807"]
[PlyCount "63"]
[EventDate "2022.??.??"]

1. e4 e5 2. Nf3 Nc6 3. Bb5 d6 4. d4 Bd7 5. O-O Nge7 6. c3 a6 7. Ba4 Ng6 8. Re1
Be7 9. Nbd2 b5 10. Bc2 O-O 11. a4 f5 12. exf5 Bxf5 13. Bxf5 Rxf5 14. axb5 axb5
15. Rxa8 Qxa8 16. Qb3+ Kh8 17. Qxb5 Nh4 18. d5 Na7 19. Qd7 Qf8 20. Qxc7 Nc8 21.
Re4 Rf7 22. Rc4 e4 23. Nxh4 e3 24. fxe3 Na7 25. Qxa7 Bd8 26. Qb8 g5 27. Rc8 Rd7
28. Nhf3 Qe7 29. Nf1 Kg7 30. Nd4 Kg6 31. Nc6 Qf6 32. Rxd8 1-0